000 00560nam a2200193Ia 4500
005 20250923145746.0
008 008 250917s9999 xx 000 0 eng d
037 _aTextual
040 _aDSWL
_beng
_cDSWL
041 _aeng
_2eng
084 _aY72oaL.2, N86
_qDSWL
245 0 _aTribal health: Socio - cultural dimensions
_cEd. by B.Chaudhuri
260 _aNew delhi
_bInter National Publication
_c1986
300 _axxi,350p.
365 _aINR
_b250.00
925 _g250.00
942 _cTEXL
_hY72oaL.2, N86
999 _c1455317
_d1455317